000 00535nam a2200217Ia 4500
003 OSt
005 20220928142347.0
006 a|||||r|||| 00| 0
007 ta
008 220927b |||||||| |||| 00| 0 eng d
024 _a19268
037 _cTextual
040 _aSDCL
_cSDCL
_beng
041 _2eng
_aeng
082 _aX:89F, M8
100 _aKalpan Robert S
_9503336
245 0 _aAdvanced management accounting
260 _c1988
942 _hX:89F, M8
_cTEXL
_2CC
999 _c821470
_d821470